000 00482pab a2200181 454500
008 180718b2008 xxu||||| |||| 00| 0 eng d
100 _aAshutosh Kumar
245 _aPanchayat elections 2008 in Punjab: what went wrong?
260 _c2008
300 _ap.865-68.
362 _aOct-Dec
650 _aElections - India - Punjab
650 _aPanchayat - India - Punjab
650 _aPanchayat
773 _aIndian Journal of Political Science
908 _aN
909 _a81164
999 _c81164
_d81164